[Event "SVK-chT2B 2223"]
[Site "Slovakia"]
[Date "2022.11.26"]
[Round "5.8"]
[White "Vastik, Tomas"]
[Black "Hrebicik, David"]
[Result "1/2-1/2"]
[WhiteElo "1529"]
[BlackElo "1794"]
[PlyCount "92"]
[EventDate "2022.10.08"]
[EventType "team-tourn"]
[EventRounds "11"]
[EventCountry "SVK"]
[SourceTitle "EXT 2024"]
[Source "ChessBase"]
[SourceDate "2023.10.10"]
[SourceVersion "1"]
[SourceVersionDate "2023.10.10"]
[SourceQuality "1"]
[WhiteTeam "Belusa"]
[BlackTeam "Povazske Podhradie"]
[WhiteTeamCountry "SVK"]
[BlackTeamCountry "SVK"]

1. e4 c5 2. Nf3 Nc6 3. Nc3 a6 4. Be2 b5 5. a3 Bb7 6. 0-0 Nf6 7. b3 e6 8. Bb2 b4 9. Na4 Nxe4 10. Re1 Nf6 11. d4 cxd4 12. Nxd4 bxa3 13. Bxa3 Bxa3 14. Nxc6 Bxc6 15. Rxa3 Qa5 16. Ra1 0-0 17. Nb2 Qc3 18. Na4 Bxa4 19. Rxa4 a5 20. Qc1 Rfc8 21. Bd3 d5 22. Qa1 Nd7 23. Qxc3 Rxc3 24. Rea1 Nc5 25. Rxa5 Rxa5 26. Rxa5 Kf8 27. Ra8+ Ke7 28. Ra7+ Kd6 29. g3 Nxd3 30. cxd3 f5 31. Rxg7 Rxb3 32. Rxh7 Rxd3 33. Ra7 Rd1+ 34. Kg2 d4 35. Kf3 Re1 36. Ra5 d3 37. Ra3 Rd1 38. Ke3 d2 39. Rd3+ Ke5 40. Rxd2 Rh1 41. h4 Ra1 42. f4+ Kf6 43. Rd3 Ra4 44. Kf3 Kg6 45. g4 fxg4+ 46. Kxg4 e5 1/2-1/2

[Event "SVK-chT3B2 1819"]
[Site "Slovakia"]
[Date "2019.04.14"]
[Round "11.2"]
[White "Lakatos, Vladimir"]
[Black "Hrebicik, David"]
[Result "1/2-1/2"]
[WhiteElo "2022"]
[BlackElo "1808"]
[PlyCount "47"]
[EventDate "2018.10.21"]
[EventType "team-tourn"]
[EventRounds "11"]
[EventCountry "SVK"]
[SourceTitle "EXT 2020"]
[Source "ChessBase"]
[SourceDate "2019.10.17"]
[SourceVersion "1"]
[SourceVersionDate "2019.10.17"]
[SourceQuality "1"]
[WhiteTeam "Handlova"]
[BlackTeam "Povazske Podhradie "]
[WhiteTeamCountry "SVK"]
[BlackTeamCountry "SVK"]

1. c4 e6 2. g3 d5 3. Bg2 Nf6 4. e3 c5 5. Ne2 Nc6 6. 0-0 Be7 7. b3 0-0 8. Bb2 dxc4 9. bxc4 Qd3 10. Na3 Rd8 11. Nf4 Qxd2 12. Qxd2 Rxd2 13. Bc3 Rd8 14. Rfd1 Bd7 15. Rab1 Rab8 16. Nb5 a6 17. Nd6 Be8 18. Nxe8 Rxe8 19. Rxb7 Rxb7 20. Bxc6 Reb8 21. Bxb7 Rxb7 22. f3 Kf8 23. Kf2 Ne8 24. Nd3 1/2-1/2

[Event "SVK-chT2B 1819"]
[Site "Slovakia"]
[Date "2019.03.02"]
[Round "8.5"]
[White "Hrebicik, David"]
[Black "Krupa, Miroslav"]
[Result "0-1"]
[WhiteElo "1814"]
[BlackElo "1975"]
[PlyCount "128"]
[EventDate "2018.10.13"]
[EventType "team-tourn"]
[EventRounds "11"]
[EventCountry "SVK"]
[SourceTitle "CBM 189 Extra"]
[Source "ChessBase"]
[SourceDate "2019.06.03"]
[SourceVersion "1"]
[SourceVersionDate "2019.06.03"]
[SourceQuality "1"]
[WhiteTeam "Povazske Podhradie"]
[BlackTeam "Tlmace"]
[WhiteTeamCountry "SVK"]
[BlackTeamCountry "SVK"]

1. d4 d5 2. c4 e6 3. Nf3 Nf6 4. g3 Be7 5. Bg2 0-0 6. 0-0 dxc4 7. Nc3 Nc6 8. e3 Nb4 9. Ne5 c5 10. dxc5 Bxc5 11. Nxc4 Qe7 12. Qe2 Rb8 13. e4 Bd7 14. Bg5 h6 15. Bf4 Rbc8 16. a3 Nc6 17. e5 Nd5 18. Bd2 Nd4 19. Qg4 Nb3 20. Rad1 Nxd2 21. Rxd2 Nxc3 22. bxc3 Bb5 23. Nd6 Bxf1 24. Nxc8 Rxc8 25. Kxf1 Bxa3 26. Qd4 Bc5 27. Qd7 Rc7 28. Qd3 Bb6 29. Be4 Rc8 30. Qf3 Ba5 31. Rc2 b6 32. c4 Qc5 33. Qf4 Rd8 34. Bf3 Qb4 35. Rc1 Qb3 36. Qe4 Qb2 37. Rd1 Rxd1+ 38. Bxd1 Qa1 39. Qa8+ Kh7 40. Qe4+ g6 41. Ke2 Bc3 42. f4 Qa2+ 43. Bc2 a5 44. Kf3 Qa1 45. Kg2 a4 46. Qb7 Kg7 47. Qxb6 Qa2 48. Qb1 Qxc4 49. Qd1 a3 50. Bb3 Qe4+ 51. Kh3 Bd4 52. Ba2 h5 53. Bb1 Qe3 54. Qc2 Qf3 55. Qc4 Bg1 56. Qc2 Qf1+ 57. Kh4 Bxh2 58. Qe4 Qf2 59. Qd3 a2 60. Bxa2 Qxa2 61. Qd8 Qa3 62. Qf6+ Kh7 63. Qg5 Qf3 64. Kh3 Bg1 0-1

[Event "SVK-chT2B 1718"]
[Site "Slovakia"]
[Date "2018.02.24"]
[Round "8.4"]
[White "Torotto, Antal"]
[Black "Hrebicik, David"]
[Result "0-1"]
[WhiteElo "2005"]
[BlackElo "1734"]
[PlyCount "80"]
[EventDate "2017.10.28"]
[EventType "team-tourn"]
[EventRounds "11"]
[EventCountry "SVK"]
[SourceTitle "EXT 2019"]
[Source "ChessBase"]
[SourceDate "2018.10.10"]
[SourceVersion "1"]
[SourceVersionDate "2018.10.10"]
[SourceQuality "1"]
[WhiteTeam "Batorove Kosihy"]
[BlackTeam "Povazske Podhradie"]
[WhiteTeamCountry "SVK"]
[BlackTeamCountry "SVK"]

1. e4 c5 2. Nf3 d6 3. Bb5+ Nc6 4. 0-0 Bd7 5. Re1 a6 6. Bf1 g6 7. c3 Bg7 8. d3 b5 9. Bf4 b4 10. e5 dxe5 11. Nxe5 Nf6 12. Nd2 0-0 13. Nxc6 Bxc6 14. Be5 Qd5 15. Qb3 a5 16. Qxd5 Bxd5 17. Nc4 Be6 18. cxb4 cxb4 19. Rac1 Bh6 20. f4 Nd5 21. g3 Ra6 22. a4 bxa3 23. bxa3 Bg7 24. Bxg7 Kxg7 25. Rb1 Rc8 26. Rb7 Rc7 27. Rb5 Nc3 28. Rb3 Nd5 29. Bg2 a4 30. Rb8 Nc3 31. Bf1 Raa7 32. Rc1 Nd5 33. Bg2 Ne3 34. Bf1 Nxf1 35. Kxf1 Rab7 36. Rb1 Rxb1+ 37. Rxb1 Rd7 38. Ke2 Bf5 39. Ne5 Rc7 40. Nc4 Rxc4 0-1

[Event "SVK-chT2B 1718"]
[Site "Slovakia"]
[Date "2017.10.28"]
[Round "1.6"]
[White "Hrebicik, David"]
[Black "Kuna, Martin"]
[Result "1-0"]
[WhiteElo "1734"]
[BlackElo "1883"]
[PlyCount "65"]
[EventDate "2017.10.28"]
[EventType "team-tourn"]
[EventRounds "11"]
[EventCountry "SVK"]
[SourceTitle "CBM 181 Extra"]
[Source "ChessBase"]
[SourceDate "2017.12.12"]
[SourceVersion "1"]
[SourceVersionDate "2017.12.12"]
[SourceQuality "1"]
[WhiteTeam "Povazske Podhradie"]
[BlackTeam "Tlmace"]
[WhiteTeamCountry "SVK"]
[BlackTeamCountry "SVK"]

1. d4 d5 2. c4 c6 3. Nc3 Nf6 4. e3 a6 5. Qc2 dxc4 6. Bxc4 b5 7. Bd3 Bb7 8. Nf3 Nbd7 9. Ne4 e6 10. Bd2 a5 11. a3 Qb6 12. Nxf6+ Nxf6 13. Rc1 b4 14. a4 Rc8 15. Qc4 Be7 16. e4 0-0 17. Be3 Ng4 18. Bg5 Bxg5 19. Nxg5 h6 20. Nf3 Nf6 21. 0-0 Nd7 22. Rfe1 Rfd8 23. Rcd1 c5 24. d5 exd5 25. exd5 Nf6 26. Be4 Nxe4 27. Rxe4 Rd6 28. Re7 Rcd8 29. Qf4 Rf6 30. Qe5 Qd6 31. Rxb7 Qxe5 32. Nxe5 Rf5 33. Nd7 1-0

[Event "Liptovsky Mikulas CupT U20"]
[Site "Liptovsky Mikulas"]
[Date "2017.06.25"]
[Round "8.1"]
[White "Klementowski, Dawid"]
[Black "Hrebicik, David"]
[Result "1-0"]
[WhiteElo "1984"]
[BlackElo "1775"]
[PlyCount "89"]
[EventDate "2017.06.21"]
[EventType "team-swiss"]
[EventRounds "8"]
[EventCountry "SVK"]
[SourceTitle "CBM 179 Extra"]
[Source "ChessBase"]
[SourceDate "2017.08.23"]
[SourceVersion "1"]
[SourceVersionDate "2017.08.23"]
[SourceQuality "1"]
[WhiteTeam "Jastrzebie Zdroj Pionier"]
[BlackTeam "Povazie RSA"]
[WhiteTeamCountry "POL"]
[BlackTeamCountry "SVK"]

1. c4 c5 2. g3 g6 3. Bg2 Bg7 4. Nc3 Nc6 5. e3 e6 6. Nge2 Nge7 7. d4 cxd4 8. exd4 d5 9. cxd5 Nxd5 10. Nxd5 exd5 11. 0-0 0-0 12. Be3 Bg4 13. Re1 Bxe2 14. Rxe2 Qd7 15. Rd2 Rad8 16. Rc1 Qf5 17. Rc5 Rd7 18. Bf3 Qe6 19. Qa4 Rc8 20. Rdc2 Rcd8 21. Kg2 Qf5 22. a3 h5 23. Rd2 g5 24. h3 g4 25. hxg4 hxg4 26. Be2 Rd6 27. Qd1 Qe4+ 28. Kg1 f5 29. Bd3 Qe6 30. Bf1 Qf7 31. b4 a6 32. Bg2 Kh7 33. Qb3 Qe6 34. Qb1 Rh8 35. Rd1 Kg6 36. a4 b6 37. Rc3 Kf7 38. b5 axb5 39. axb5 Na5 40. Bf4 Rd7 41. Re1 Qg6 42. Rc7 Rxc7 43. Bxd5+ Kf8 44. Qb4+ Rc5 45. dxc5 1-0

[Event "Liptovsky Mikulas CupT U20"]
[Site "Liptovsky Mikulas"]
[Date "2017.06.22"]
[Round "2.1"]
[White "Hrebicik, David"]
[Black "Kulesza, Andrzej"]
[Result "0-1"]
[WhiteElo "1775"]
[BlackElo "1670"]
[PlyCount "102"]
[EventDate "2017.06.21"]
[EventType "team-swiss"]
[EventRounds "8"]
[EventCountry "SVK"]
[SourceTitle "CBM 179 Extra"]
[Source "ChessBase"]
[SourceDate "2017.08.23"]
[SourceVersion "1"]
[SourceVersionDate "2017.08.23"]
[SourceQuality "1"]
[WhiteTeam "Povazie RSA"]
[BlackTeam "Krakow Wisla"]
[WhiteTeamCountry "SVK"]
[BlackTeamCountry "POL"]

1. d4 Nf6 2. c4 g6 3. Nc3 d5 4. cxd5 Nxd5 5. e4 Nxc3 6. bxc3 Bg7 7. Nf3 0-0 8. Be2 c5 9. Be3 Nc6 10. 0-0 Bg4 11. d5 Ne5 12. Nxe5 Bxe2 13. Qxe2 Bxe5 14. Rac1 Rc8 15. f4 Bg7 16. c4 Qc7 17. Rf3 b6 18. Rh3 Qd7 19. Qf2 Qg4 20. Rh4 Qd7 21. Kh1 e6 22. Qd2 Rcd8 23. Rd1 exd5 24. cxd5 Qe7 25. Rh3 Qxe4 26. Bf2 Bd4 27. Bxd4 Rxd5 28. Rd3 Rxd4 29. Rxd4 Qxd4 30. Qxd4 cxd4 31. Rxd4 Rc8 32. Rd1 Rc2 33. Ra1 b5 34. h3 b4 35. Kh2 a5 36. Kg3 f5 37. Kf3 Kf7 38. g4 Ke6 39. Re1+ Kd6 40. Ra1 Kc5 41. gxf5 gxf5 42. Kg3 Kc4 43. Kh4 Kc3 44. Kg5 Kb2 45. Rf1 Kxa2 46. Kxf5 b3 47. Ke6 Re2+ 48. Kf7 b2 49. f5 b1Q 50. Rxb1 Kxb1 51. Kg7 Rh2 0-1

[Event "SVK-ch U18/20"]
[Site "Liptovsky Mikulas"]
[Date "2017.04.25"]
[Round "6"]
[White "Hrebicik, David"]
[Black "Buco, Martin"]
[Result "1/2-1/2"]
[WhiteElo "1793"]
[BlackElo "1722"]
[PlyCount "30"]
[EventDate "2017.04.22"]
[EventType "swiss"]
[EventRounds "9"]
[EventCountry "SVK"]
[SourceTitle "CBM 178 Extra"]
[Source "ChessBase"]
[SourceDate "2017.06.22"]
[SourceVersion "1"]
[SourceVersionDate "2017.06.22"]
[SourceQuality "1"]

1. d4 Nf6 2. c4 e6 3. Nc3 Bb4 4. Bd2 Nc6 5. Nf3 0-0 6. e3 d6 7. Qc2 e5 8. d5 Ne7 9. Bd3 c6 10. e4 Nh5 11. h3 Nf4 12. Bxf4 exf4 13. 0-0 Ng6 14. Ne2 Bc5 15. Kh2 Qf6 1/2-1/2

[Event "SVK-ch U18/20"]
[Site "Liptovsky Mikulas"]
[Date "2017.04.23"]
[Round "3"]
[White "Lintner, Igor"]
[Black "Hrebicik, David"]
[Result "1-0"]
[WhiteElo "2234"]
[BlackElo "1793"]
[PlyCount "45"]
[EventDate "2017.04.22"]
[EventType "swiss"]
[EventRounds "9"]
[EventCountry "SVK"]
[SourceTitle "CBM 178 Extra"]
[Source "ChessBase"]
[SourceDate "2017.06.22"]
[SourceVersion "1"]
[SourceVersionDate "2017.06.22"]
[SourceQuality "1"]

1. e4 c5 2. Nf3 d6 3. d4 cxd4 4. Nxd4 Nf6 5. Nc3 a6 6. Nb3 e6 7. g4 h6 8. Bg2 Nbd7 9. h4 Ne5 10. g5 hxg5 11. hxg5 Rxh1+ 12. Bxh1 Nfg4 13. f3 Qb6 14. Qd4 Qc7 15. fxg4 Nc6 16. Qf2 b5 17. a3 d5 18. Bf4 e5 19. Nxd5 Qb8 20. Be3 b4 21. a4 Bxg4 22. Bf3 Be6 23. 0-0-0 1-0

[Event "SVK-chT2B 1617"]
[Site "Slovakia"]
[Date "2017.01.21"]
[Round "7.8"]
[White "Hrebicik, David"]
[Black "Hoppan, Igor1111"]
[Result "1-0"]
[WhiteElo "1756"]
[BlackElo "1599"]
[PlyCount "68"]
[EventDate "2016.10.08"]
[EventType "team-tourn"]
[EventRounds "11"]
[EventCountry "SVK"]
[SourceTitle "EXT 2018"]
[Source "ChessBase"]
[SourceDate "2017.10.13"]
[SourceVersion "1"]
[SourceVersionDate "2017.10.13"]
[SourceQuality "1"]
[WhiteTeam "Povazske Podhradie"]
[BlackTeam "Prievidza II"]
[WhiteTeamCountry "SVK"]
[BlackTeamCountry "SVK"]

1. d4 Nf6 2. c4 e6 3. Nc3 g6 4. e4 d6 5. f4 Bg7 6. Nf3 0-0 7. Be2 c5 8. 0-0 cxd4 9. Nxd4 e5 10. Ndb5 Qb6+ 11. Kh1 Rd8 12. Na4 Qc6 13. fxe5 Nxe4 14. exd6 a6 15. Nc7 Rxd6 16. Qc2 Qxc7 17. Qxe4 Re6 18. Qd3 Qe7 19. Bf3 Nd7 20. Bd5 Rf6 21. Bg5 Rxf1+ 22. Qxf1 Qe8 23. Re1 Qf8 24. Re7 Ne5 25. Nb6 Rb8 26. Qf4 Be6 27. Bxe6 fxe6 28. Qxf8+ Rxf8 29. Kg1 Nxc4 30. Nxc4 b5 31. Ne3 h6 32. Bh4 g5 33. Bf2 Rc8 34. Rxe6 Rc1+ 1-0

[Event "SVK-chT3B2 1617"]
[Site "Slovakia"]
[Date "2016.11.13"]
[Round "3.3"]
[White "Hrebicik, David"]
[Black "Bezak, Radovan"]
[Result "1-0"]
[WhiteElo "1770"]
[BlackElo "1634"]
[PlyCount "63"]
[EventDate "2016.10.16"]
[EventType "team-tourn"]
[EventRounds "11"]
[EventCountry "SVK"]
[SourceTitle "EXT 2018"]
[Source "ChessBase"]
[SourceDate "2017.10.13"]
[SourceVersion "1"]
[SourceVersionDate "2017.10.13"]
[SourceQuality "1"]
[WhiteTeam "Povazske Podhradie II"]
[BlackTeam "Chynorany"]
[WhiteTeamCountry "SVK"]
[BlackTeamCountry "SVK"]

1. d4 d5 2. c4 e6 3. Nc3 Nf6 4. Bg5 Be7 5. e3 0-0 6. Bd3 dxc4 7. Bxc4 a6 8. Nf3 b5 9. Bd3 Nbd7 10. 0-0 c5 11. Rc1 cxd4 12. Nxd4 Bb7 13. f3 Ne5 14. Bb1 Nd5 15. Bxe7 Qxe7 16. Nxd5 Bxd5 17. Qc2 g6 18. Qc7 Qg5 19. Rce1 Rfc8 20. Qd6 Nc4 21. Qb4 a5 22. Qxb5 Rcb8 23. Qd7 Rxb2 24. Nc2 Nd2 25. e4 Nxf1 26. exd5 Rd8 27. dxe6 Rxd7 28. exd7 Ne3 29. Nxe3 Qd8 30. Nd5 Rxb1 31. Rxb1 Qxd7 32. Nf6+ 1-0

[Event "SVK-chT2B 1617"]
[Site "Slovakia"]
[Date "2016.11.05"]
[Round "3.8"]
[White "Rybar, Peter"]
[Black "Hrebicik, David"]
[Result "1/2-1/2"]
[WhiteElo "1634"]
[BlackElo "1756"]
[PlyCount "55"]
[EventDate "2016.10.08"]
[EventType "team-tourn"]
[EventRounds "11"]
[EventCountry "SVK"]
[SourceTitle "CBM 175 Extra"]
[Source "ChessBase"]
[SourceDate "2016.12.12"]
[SourceVersion "1"]
[SourceVersionDate "2016.12.12"]
[SourceQuality "1"]
[WhiteTeam "Surany Lokomotiva"]
[BlackTeam "Povazske Podhradie"]
[WhiteTeamCountry "SVK"]
[BlackTeamCountry "SVK"]

1. d4 d5 2. c4 e6 3. Nc3 Be7 4. Nf3 Nf6 5. Bg5 0-0 6. e3 Nbd7 7. Rc1 c6 8. Bd3 dxc4 9. Bxc4 Nb6 10. Bd3 Nfd5 11. Bxe7 Qxe7 12. 0-0 Bd7 13. Ne5 Nxc3 14. Rxc3 Be8 15. Bb1 f6 16. Nd3 Bg6 17. Nf4 Bxb1 18. Qxb1 Nd5 19. Nxd5 exd5 20. Qd1 f5 21. Qb3 Rf7 22. f4 Rf6 23. Qc2 Raf8 24. g3 Re6 25. Rf3 g6 26. Qg2 Re8 27. Qd2 Qb4 28. Qc2 1/2-1/2

[Event "SVK-chT2B 1617"]
[Site "Slovakia"]
[Date "2016.10.08"]
[Round "1.8"]
[White "Hrebicik, David"]
[Black "Mogyorosi, Zsolt"]
[Result "1-0"]
[WhiteElo "1756"]
[BlackElo "1000"]
[PlyCount "25"]
[EventDate "2016.10.08"]
[EventType "team-tourn"]
[EventRounds "11"]
[EventCountry "SVK"]
[SourceTitle "CBM 175 Extra"]
[Source "ChessBase"]
[SourceDate "2016.12.12"]
[SourceVersion "1"]
[SourceVersionDate "2016.12.12"]
[SourceQuality "1"]
[WhiteTeam "Povazske Podhradie"]
[BlackTeam "Batorove Kosihy"]
[WhiteTeamCountry "SVK"]
[BlackTeamCountry "SVK"]

1. d4 d5 2. c4 e6 3. Nc3 Nf6 4. Bg5 Be7 5. e3 0-0 6. cxd5 Nxd5 7. Bxe7 Qxe7 8. Nf3 Nc6 9. Rc1 e5 10. Nxd5 Qd6 11. dxe5 Nxe5 12. Rxc7 Bg4 13. Ne7+ 1-0

[Event "Liptovsky Mikulas CupT U20"]
[Site "Liptovsky Mikulas"]
[Date "2016.06.23"]
[Round "4.4"]
[White "Hrebicik, David"]
[Black "Waszczuk, Patrycja"]
[Result "0-1"]
[WhiteElo "1721"]
[BlackElo "1798"]
[PlyCount "72"]
[EventDate "2016.06.21"]
[EventType "team-swiss"]
[EventRounds "8"]
[EventCountry "SVK"]
[SourceTitle "CBM 173 Extra"]
[Source "ChessBase"]
[SourceDate "2016.08.29"]
[SourceVersion "1"]
[SourceVersionDate "2016.08.29"]
[SourceQuality "1"]
[WhiteTeam "Povazie RSA (U20)"]
[BlackTeam "Krakow Wisla (U20)"]
[WhiteTeamCountry "SVK"]
[BlackTeamCountry "POL"]

1. d4 d5 2. c4 c6 3. Nc3 Nf6 4. Bf4 e6 5. e3 Nbd7 6. Nf3 Be7 7. Bd3 h6 8. h3 0-0 9. cxd5 exd5 10. g4 Bb4 11. Qc2 Re8 12. g5 hxg5 13. Bxg5 Qa5 14. Rg1 Ne4 15. Bxe4 dxe4 16. Bh6 g6 17. 0-0-0 Bxc3 18. bxc3 Qh5 19. Bf4 Qxf3 20. Qb3 Kg7 21. Rg3 Qh5 22. Rdg1 b6 23. Rg5 Qxh3 24. Qd1 Ba6 25. R1g3 Qe6 26. Qh5 Rh8 27. Qd1 Qxa2 28. Rxg6+ fxg6 29. Rxg6+ Kf7 30. Rg7+ Kxg7 31. Qg4+ Kf8 32. Bd6+ Ke8 33. Qxe4+ Kd8 34. Qxc6 Rc8 35. Be7+ Kxe7 36. Qe4+ Qe6 0-1

[Event "Banska Bystrica Regional Cup"]
[Site "Banska Bystrica"]
[Date "2016.05.07"]
[Round "3.4"]
[White "Slaba, Andrea"]
[Black "Hrebicik, David"]
[Result "1/2-1/2"]
[WhiteElo "1830"]
[BlackElo "1679"]
[PlyCount "117"]
[EventDate "2016.05.06"]
[EventType "team-tourn"]
[EventRounds "5"]
[EventCountry "SVK"]
[SourceTitle "CBM 172 Extra"]
[Source "ChessBase"]
[SourceDate "2016.06.21"]
[SourceVersion "1"]
[SourceVersionDate "2016.06.21"]
[SourceQuality "1"]
[WhiteTeam "Trnava Modranka"]
[BlackTeam "Povazske Podhradie"]
[WhiteTeamCountry "SVK"]
[BlackTeamCountry "SVK"]

1. Nf3 c5 2. c4 Nc6 3. g3 g6 4. Bg2 Bg7 5. 0-0 Nf6 6. Nc3 0-0 7. d3 d6 8. Bd2 Bd7 9. a3 Qc7 10. Rb1 Rab8 11. b4 b6 12. b5 Nd8 13. a4 a5 14. bxa6 Qa7 15. Qb3 Nc6 16. Nb5 Qxa6 17. Bc3 Rfc8 18. Ra1 Na5 19. Qc2 Bc6 20. e4 Qa8 21. Nd2 Nh5 22. Bxg7 Nxg7 23. Nb3 Nxb3 24. Qxb3 Rd8 25. f3 Qb7 26. Rfb1 Bxb5 27. axb5 Ra8 28. Bh3 Rxa1 29. Rxa1 Ra8 30. Qb2 Ne8 31. Ra2 Rxa2 32. Qxa2 Nc7 33. Kf2 Qa8 34. Qxa8+ Nxa8 35. Ke3 e5 36. f4 f6 37. Be6+ Kg7 38. h4 Nc7 39. Bd7 Kf7 40. f5 Ke7 41. Bc6 Kf7 42. g4 h5 43. Kf3 Kg7 44. g5 Kf7 45. Kg3 Kg7 46. Bd7 Kf7 47. Bc6 Kg7 48. Bd7 Kf7 49. fxg6+ Kxg6 50. Bf5+ Kg7 51. Bh3 Kg6 52. Bf5+ Kg7 53. Kh3 Ne8 54. Kg3 Kf7 55. Kf3 Kg7 56. Kg3 Kf7 57. Bd7 Ng7 58. gxf6 Kxf6 59. Bh3 1/2-1/2

[Event "SVK-ch U18/20"]
[Site "Liptovsky Mikulas"]
[Date "2016.04.21"]
[Round "7"]
[White "Hrebicik, David"]
[Black "Joba, Arpad"]
[Result "0-1"]
[WhiteElo "1662"]
[BlackElo "1909"]
[PlyCount "85"]
[EventDate "2016.04.16"]
[EventType "swiss"]
[EventRounds "9"]
[EventCountry "SVK"]
[SourceTitle "CBM 172 Extra"]
[Source "ChessBase"]
[SourceDate "2016.06.21"]
[SourceVersion "1"]
[SourceVersionDate "2016.06.21"]
[SourceQuality "1"]

1. e4 c5 2. Nf3 d6 3. d4 cxd4 4. Nxd4 Nf6 5. Nc3 a6 6. Be2 e6 7. Be3 Qc7 8. f4 b5 9. a3 Bb7 10. Bf3 Nbd7 11. Qe2 Be7 12. 0-0 0-0 13. f5 e5 14. Nb3 Nb6 15. Na5 Nc4 16. Nxc4 Qxc4 17. Qd3 Qxd3 18. cxd3 Rfd8 19. Bg5 h6 20. Bh4 Kf8 21. Bxf6 Bxf6 22. Rfe1 Rac8 23. Rac1 Bg5 24. Rcd1 Bf6 25. Rc1 Rc5 26. Kf2 Rdc8 27. Na2 Bg5 28. Rxc5 Rxc5 29. b4 Rc8 30. Bd1 d5 31. Bb3 d4 32. g3 Rc7 33. Kf3 g6 34. g4 Bc8 35. Rh1 h5 36. h4 Bf4 37. f6 Bxg4+ 38. Kf2 Be6 39. Bxe6 fxe6 40. Kf3 Rc2 41. Ra1 Be3 42. Kg3 Kf7 43. a4 0-1

[Event "SVK-chT3B2 1516"]
[Site "Slovakia"]
[Date "2016.04.03"]
[Round "11.8"]
[White "Adamik, Frantisek"]
[Black "Hrebicik, David"]
[Result "0-1"]
[WhiteElo "1410"]
[BlackElo "1662"]
[PlyCount "62"]
[EventDate "2015.10.11"]
[EventType "team-tourn"]
[EventRounds "11"]
[EventCountry "SVK"]
[SourceTitle "EXT 2018"]
[Source "ChessBase"]
[SourceDate "2017.10.13"]
[SourceVersion "1"]
[SourceVersionDate "2017.10.13"]
[SourceQuality "1"]
[WhiteTeam "Lehota pod Vtacnikom"]
[BlackTeam "Povazske Podhradie"]
[WhiteTeamCountry "SVK"]
[BlackTeamCountry "SVK"]

1. e4 c5 2. Nc3 Nc6 3. f4 g6 4. Nf3 Bg7 5. e5 Nh6 6. Bb5 Nf5 7. Bxc6 dxc6 8. 0-0 0-0 9. Kh1 Nd4 10. h3 Be6 11. d3 c4 12. Nxd4 Qxd4 13. dxc4 Qxc4 14. Qd3 Qxd3 15. cxd3 Rfd8 16. Rd1 Bf5 17. d4 Rd7 18. Be3 Rad8 19. Rd2 g5 20. g4 gxf4 21. Bxf4 Rxd4 22. Rxd4 Rxd4 23. gxf5 Rxf4 24. f6 exf6 25. exf6 Bxf6 26. Rc1 Rc4 27. Rg1+ Kf8 28. Rg3 Rb4 29. b3 Rd4 30. Rg2 Rd3 31. Ne2 Rxh3+ 0-1

[Event "SVK-chT3B2 1516"]
[Site "Slovakia"]
[Date "2015.11.29"]
[Round "3.8"]
[White "Hrebicik, David"]
[Black "Dubnicka, Ferdinand"]
[Result "1-0"]
[WhiteElo "1660"]
[BlackElo "1512"]
[PlyCount "107"]
[EventDate "2015.10.11"]
[EventType "team-tourn"]
[EventRounds "11"]
[EventCountry "SVK"]
[SourceTitle "CBM 170 Extra"]
[Source "ChessBase"]
[SourceDate "2016.02.25"]
[SourceVersion "1"]
[SourceVersionDate "2016.02.25"]
[SourceQuality "1"]
[WhiteTeam "Povazske Podhradie"]
[BlackTeam "Dubnica nad Vahom III"]
[WhiteTeamCountry "SVK"]
[BlackTeamCountry "SVK"]

1. d4 Nf6 2. c4 g6 3. Nc3 Bg7 4. e4 d6 5. f3 Nc6 6. Be3 0-0 7. Be2 h6 8. f4 e6 9. Nf3 Ng4 10. Bc1 e5 11. fxe5 dxe5 12. d5 Nd4 13. h3 Nxf3+ 14. Bxf3 Qh4+ 15. Kd2 Nf2 16. Qe1 Bf6 17. Rf1 Nxh3 18. Qxh4 Bxh4 19. gxh3 Bg5+ 20. Kc2 Bxc1 21. Raxc1 Bxh3 22. Rh1 Bd7 23. Rcg1 Kg7 24. Bg4 Be8 25. c5 Rh8 26. Rh2 Rd8 27. Rd2 Kf6 28. d6 cxd6 29. cxd6 Bc6 30. Rf1+ Kg7 31. d7 h5 32. Bh3 Rhf8 33. Rd6 a5 34. Nd5 Bxd5 35. Rxd5 f6 36. Rxa5 b6 37. Ra6 Rb8 38. Rd1 Kf7 39. Rd6 g5 40. Bf5 g4 41. Raxb6 Rxb6 42. Rxb6 g3 43. Bh3 Rg8 44. Be6+ Ke7 45. Bxg8 g2 46. Rb8 Kxd7 47. Be6+ Kxe6 48. Rg8 f5 49. Rg6+ Kf7 50. exf5 h4 51. Rxg2 Kf6 52. Rg4 h3 53. Rh4 Kxf5 54. Rxh3 1-0

[Event "SVK-ch U16"]
[Site "Tatralandia"]
[Date "2015.04.24"]
[Round "8"]
[White "Hrebicik, David"]
[Black "Starovic, Tomas"]
[Result "1-0"]
[WhiteElo "1416"]
[BlackElo "1541"]
[PlyCount "35"]
[EventDate "2015.04.18"]
[EventType "swiss"]
[EventRounds "9"]
[EventCountry "SVK"]
[SourceTitle "CBM 166 Extra"]
[Source "ChessBase"]
[SourceDate "2015.06.18"]
[SourceVersion "1"]
[SourceVersionDate "2015.06.18"]
[SourceQuality "1"]

1. d4 d5 2. c4 e6 3. Nc3 Nf6 4. Bg5 Be7 5. e3 0-0 6. Nf3 a6 7. cxd5 exd5 8. Bd3 c6 9. Qb3 b5 10. 0-0 Nbd7 11. Rac1 c5 12. Qc2 c4 13. Bf5 Nb6 14. Bxf6 Bxf5 15. Bxe7 Bxc2 16. Bxd8 Bd3 17. Bxb6 Bxf1 18. Rxf1 1-0